Plus grandes villes des pays commençant par B - Statistiques

Statistiques générales
  • Ce quiz a été pris 103 fois
  • Le résultat moyen est 7 sur 20
Statistiques - réponses
Nombre d'habitants Ville % Correct
4 310 000 habitants Brasília
83%
2 800 000 habitants Bruxelles
83%
12 300 000 habitants Rio de Janeiro
79%
21 650 000 habitants São Paulo
73%
21 050 000 habitants Dacca
40%
3 760 000 habitants Recife
39%
5 170 000 habitants Belo Horizonte
36%
2 680 000 habitants Minsk
36%
4 430 000 habitants Porto Alegre
34%
4 090 000 habitants Fortaleza
33%
3 050 000 habitants Ouagadougou
30%
2 690 000 habitants Manaus
26%
3 930 000 habitants Salvador da Bahia
25%
9 480 000 habitants Chittagong
20%
3 420 000 habitants Curitiba
19%
2 420 000 habitants Cotonou
15%
2 350 000 habitants Santa Cruz de la Sierra
15%
3 670 000 habitants Campinas
11%
2 660 000 habitants Goiânia
9%
3 000 000 habitants Khulna
4%
Aucun quiz correspondant
Distribution des résultats
% des personnes avec chaque résultat
Percentile par nombre de réponses
Votre historique - résultats
Vous n’avez pas pris ce quiz